| 000 | 00989cam a2200313 a 4500 | ||
|---|---|---|---|
| 001 | 16243173 | ||
| 003 | OSt | ||
| 005 | 20230607090844.0 | ||
| 008 | 100520s2010 ke a b 000 0 eng | ||
| 010 | _a 2010305356 | ||
| 020 | _a9966706283 | ||
| 040 |
_aDLC _cDLC |
||
| 042 |
_apcc _alcode |
||
| 082 |
_a923.26762 _bODE |
||
| 100 | 1 | _aOdera, Odinge. | |
| 245 | 1 | 0 |
_aMy journey with Jaramogi Oginga Odinga : _bmemoirs of a close friend / _cOdinge Odera. |
| 250 | _a1st ed. | ||
| 260 |
_aNairobi, Kenya : _bAfrican Research & Resource Forum, _c2010. |
||
| 300 |
_aiv, 202 p. : _bill. ; _c21 cm. |
||
| 504 | _aIncludes bibliographical references. | ||
| 600 | 1 | 0 |
_aOdinga, Ajuma Oginga, _d1911- |
| 600 | 1 | 0 | _aOdera, Odinge. |
| 650 | 0 |
_aPoliticians _zKenya _vBiography. |
|
| 650 | 0 |
_aVice-Presidents _zKenya _vBiography. |
|
| 700 | 1 | _aNyong'o, Dorothy. | |
| 906 |
_a7 _bcbc _corigode _d2 _encip _f20 _gy-gencatlg |
||
| 942 |
_2ddc _cBK |
||
| 999 |
_c776 _d776 |
||